NLSUI OPAC header image

Interpreting world politics : (Record no. 10420)

MARC details
000 -LEADER
fixed length control field 00685cam a2200205 a 4500
001 - CONTROL NUMBER
control field 4908304
005 - DATE AND TIME OF LATEST TRANSACTION
control field 20260429074517.0
008 - FIXED-LENGTH DATA ELEMENTS--GENERAL INFORMATION
fixed length control field 941019s1995 ii b 000 0 eng
010 ## - LIBRARY OF CONGRESS CONTROL NUMBER
LC control number 94042502
020 ## - INTERNATIONAL STANDARD BOOK NUMBER
International Standard Book Number 0803992106 hb
082 ## - DEWEY DECIMAL CLASSIFICATION NUMBER
Classification number 327.09
245 00 - TITLE STATEMENT
Title Interpreting world politics :
Remainder of title essays for A.P. Rana /
Statement of responsibility, etc. edited by Kanti P. Bajpai, Harish C. Shukul.
260 ## - PUBLICATION, DISTRIBUTION, ETC.
Place of publication, distribution, etc. Thousand Oaks, Calif. :
Name of publisher, distributor, etc. Sage Publications,
Date of publication, distribution, etc. c1995.
300 ## - PHYSICAL DESCRIPTION
Extent 412 p. ;
Dimensions 23 cm.
365 ## - TRADE PRICE
Price amount Rs.395
650 #0 - SUBJECT ADDED ENTRY--TOPICAL TERM
Topical term or geographic name entry element World politics
Chronological subdivision 1945-1989.
650 #0 - SUBJECT ADDED ENTRY--TOPICAL TERM
Topical term or geographic name entry element International relations.
856 41 - ELECTRONIC LOCATION AND ACCESS
Materials specified Table of contents
Uniform Resource Identifier <a href="http://www.loc.gov/catdir/enhancements/fy0657/94042502-t.html">http://www.loc.gov/catdir/enhancements/fy0657/94042502-t.html</a>
942 ## - ADDED ENTRY ELEMENTS (KOHA)
Source of classification or shelving scheme Dewey Decimal Classification
Koha item type BOOKs
Holdings
Withdrawn status Lost status Source of classification or shelving scheme Damaged status Not for loan Home library Current library Shelving location Date acquired Cost, normal purchase price Total Checkouts Full call number Barcode Date last seen Price effective from Koha item type
    Dewey Decimal Classification     NLS NLS General Stacks 30/05/2017 395.00   327.09 BAJ 10706 30/05/2017 30/05/2017 BOOKs